[Event "HUN-chT2 Maroczy 0910"]
[Site "Hungary"]
[Date "2010.01.17"]
[Round "4"]
[White "Ballai, Zsolt"]
[Black "Kopasz, Robert"]
[Result "1/2-1/2"]
[WhiteElo "2303"]
[BlackElo "2277"]
[PlyCount "61"]
[EventDate "2009.11.08"]
[EventType "team-tourn"]
[EventRounds "11"]
[EventCountry "HUN"]
[SourceTitle "EXT 2011"]
[Source "ChessBase"]
[SourceDate "2010.11.26"]
[SourceVersion "1"]
[SourceVersionDate "2010.11.26"]
[SourceQuality "1"]
[WhiteTeam "Hajduboszormeny"]
[BlackTeam "Maroczy"]
[WhiteTeamCountry "HUN"]
[BlackTeamCountry "HUN"]

1. d4 g6 2. c4 Bg7 3. Nc3 Nf6 4. e4 d6 5. f3 0-0 6. Be3 e5 7. d5 c6 8. Qd2 cxd5 9. cxd5 a6 10. Bd3 Nh5 11. Nge2 f5 12. 0-0-0 Nd7 13. Kb1 b5 14. Rc1 Nb6 15. Nd1 fxe4 16. fxe4 Bd7 17. Qa5 Nc4 18. Qxd8 Raxd8 19. Bxc4 bxc4 20. g3 Nf6 21. Nec3 Rb8 22. Rc2 h6 23. Bc1 Rbc8 24. Ne3 Kh7 25. Re1 h5 26. Ned1 Bh6 27. Bxh6 Kxh6 28. Ne3 Kg5 29. Rf2 Bh3 30. Kc1 Kh6 31. Rc2 1/2-1/2

[Event "HUN-chT2 Maroczy 0910"]
[Site "Hungary"]
[Date "2009.11.22"]
[Round "2"]
[White "Foldi, Kristof"]
[Black "Ballai, Zsolt"]
[Result "1-0"]
[WhiteElo "2163"]
[BlackElo "2303"]
[PlyCount "75"]
[EventDate "2009.11.08"]
[EventType "team-tourn"]
[EventRounds "11"]
[EventCountry "HUN"]
[SourceTitle "EXT 2011"]
[Source "ChessBase"]
[SourceDate "2010.11.26"]
[SourceVersion "1"]
[SourceVersionDate "2010.11.26"]
[SourceQuality "1"]
[WhiteTeam "Matra"]
[BlackTeam "Hajduboszormeny"]
[WhiteTeamCountry "HUN"]
[BlackTeamCountry "HUN"]

1. e4 c5 2. Nf3 d6 3. d4 Nf6 4. Nc3 cxd4 5. Nxd4 a6 6. Bg5 e6 7. f4 Qb6 8. Qd2 Qxb2 9. Rb1 Qa3 10. e5 dxe5 11. fxe5 Nfd7 12. Ne4 Qxa2 13. Rd1 Qd5 14. Qe3 Qxe5 15. Be2 Qa5+ 16. c3 Ne5 17. Nb3 Qc7 18. Rd8+ Qxd8 19. Bxd8 Kxd8 20. Qb6+ Ke8 21. Qc7 Nbc6 22. 0-0 Be7 23. Nd6+ Bxd6 24. Qxd6 f6 25. Bh5+ g6 26. Bf3 Nd8 27. Nd4 Rf8 28. Bd1 Nec6 29. Ba4 Bd7 30. Re1 Rc8 31. Bxc6 bxc6 32. Nb3 Rf7 33. Nc5 Re7 34. Rd1 Nf7 35. Qf4 f5 36. Qh4 h6 37. Qf6 Rc7 38. Qg7 1-0